00530nam a2200181Ia 4500008004100000020001800041082000800059100001700067245006700084250000600151260002500157300001400182500002400196650001400220942000700234952009000241999001700331230524s9999 xx 000 0 und d a9780071699809 bSUB aK Subramanya 0aFluid Mechanics and Hydraulic Machines: Problems and Solutions a3 aNew DelhibTMHc2015 a"X,623p;" aQuantity Number: 1 aMechanics cBK 00104070aTATCLbTATCLcGENd2023-05-24l0o SUBp53994r2023-05-24w2023-05-24yBK c57514d57514